000 00764nam a2200217 a 4500
008
049 _aMAIN
090 _aZ678.9
100 1 _aKusekwa, Lovemore.
245 1 0 _aAn Analysis of the impact of the Internet on library and information science students at The National University of Science and Technology/
_cLovemore Kusekwa.
260 _aBulawayo :
_bNUST,
_c2006.
300 _ax,57 p. :
_bill, ;
_c30 cm.
504 _aIncludes bibliographical references.
500 _aThesis(BLIS)---NUST,2006.
700 _aNUST.
_bDept.Of Library and Information Science.
_tThesis.
907 _a.b10265077
_b21-08-09
_c19-08-09
003
005 20230123124942.0
040 _cNUST
942 _cBOOKS
_kZ678.9
999 _c133153
_d133153